| 000 | 00920nam a2200265 a 4500 | ||
|---|---|---|---|
| 001 | 69103 | ||
| 003 | BD-RjUL | ||
| 005 | 20211209081841.0 | ||
| 008 | 170410s1962 nyu d 000 0 eng c | ||
| 035 | _a(BD-RjUL)69314 | ||
| 040 |
_aDLC/ICU _cCGU _dEQO _beng |
||
| 041 | 0 | _aengger | |
| 082 | _a910.3 | ||
| 245 | 1 | 2 |
_aA German and English glossary of geographical terms / _cBritish association for the advancement of science |
| 260 |
_aNew York : _bAmerican Geographical Society, _c1962 |
||
| 300 |
_a vii, 539 p. _c21 cm |
||
| 650 | 0 |
_aGeography _vDictionaries _9161208 |
|
| 650 | 0 |
_aGeography _vDictionaries _xGerman _9204718 |
|
| 650 | 0 |
_aEnglish language _vDictionaries _xGerman _9204719 |
|
| 650 | 0 |
_aGerman language _vDictionaries _xEnglish. _9116870 |
|
| 700 | 1 |
_aStamp, L. Dudley _d1909- _9204720 |
|
| 710 |
_aBritish association for the advancement of science _9204721 |
||
| 942 |
_2ddc _cBK |
||
| 999 |
_c69103 _d69103 |
||